Diplomatari del monestir de Sant Pere de la Portella / edició i estudi a cura de: Jordi Bolòs Jordi Bolòs
ISBN:
978-84-9779-826-6
Descripción Física:
840 p., [2] p. de làm. : il., map. ; 24 cm
Colección:
Diplomataris ; 47
MARC
| LEADER | 00000nam a2200000Ia 4500 | ||
|---|---|---|---|
| 001 | 22725 | ||
| 008 | 160829s2009 xx 000 0 cat d | ||
| 020 | |a 978-84-9779-826-6 | ||
| 080 | |a A-2-392 | ||
| 245 | |a Diplomatari del monestir de Sant Pere de la Portella / edició i estudi a cura de: |b Jordi Bolòs | ||
| 260 | |a Barcelona : |b Fundació Noguera ; Lleida : |b Pagès Editors, |c 2009 | ||
| 300 | |a 840 p., [2] p. de làm. : |b il., map. ; |c 24 cm | ||
| 490 | |a Diplomataris ; 47 | ||
| 590 | |a Text en llatí, introducció i resums en català. | ||
| 590 | |a Bibliografia | ||
| 650 | |a Sant Pere de la Portella (Monestir) |x Història |x Fonts |9 44979 | ||
| 650 | |a Monestirs |x Catalunya |x Història |x Fonts |9 44980 | ||
| 650 | |a Berguedà |x Història |x S. XI - XVI |x Fonts |9 44981 | ||
| 700 | 1 | |a Bolòs i Masclans, Jordi |9 44982 | |
| 700 | |a Fundació Noguera |9 70407 | ||
| 901 | |a Arxiu | ||
| 942 | |n 1 | ||
| 952 | |0 0 |1 0 |4 0 |6 A2392 |7 1 |9 52293 |a Arxiu |b Arxiu |d 2016-12-01 |l 0 |o A-2-392 |p 22725 |r 2016-12-01 00:00:00 |w 2016-12-01 |y ARXIU | ||
| 999 | |c 56141 |d 56141 | ||